Statistics for Countries of Africa (Part 4) (Including one Territory)

Click here to take the quiz!

General Stats

  • This quiz has been taken 22 times
  • The average score is 9 of 10

Answer Stats

Answer% Correct
South Sudan
100%
Tanzania
100%
Togo
100%
Tunisia
100%
Uganda
100%
Zambia
100%
Zimbabwe
100%
Eswatini
95%
Sudan
95%
Canary Islands
45%

Score Distribution

Percentile by Number Answered

Percent of People with Each Score

Your Score History

You have not taken this quiz